=LDR 00000nam 2200000 4500 =001 INLIS000000000016185 =005 20200330012158 =035 ##$$a 0010-061300000016185 =008 200330################g##########0#ind## =041 ##$$a Ind =082 ##$$a 2 x 0. 02 =090 ##$$a 2x7.5, Sar t =100 ##$$a Sardar, Ziauddin =245 1#$$a Tantangan dunia islam Abad 21 Menjangkau informasi /$c Ziauddin Sardar; Penerjemah: A.E.Priyono, Ilyas Hasan =260 ##$$a Bandung :$b Mizan,$c 1988 =300 ##$$a 260 hlm ; $c 20 x 14 cm =650 #4$$a Islam =700 #$$a Penerjemah, A. E. Priyono =850 ##$$a NBPNMAT =084 ##$$a 2 x 0. 02 SAR t =500 ##$$a Indeks: halaman 254-260 =504 ##$$a Bibliografi: halaman 235-253 =990 ##$$a 69.258/Pro-94 =990 ##$$a 00053383 =990 ##$$a 80.399/pro95 =990 ##$$a 111.777/pro97 =990 ##$$a 111.776/pro-97 =990 ##$$a 69.258/Pro-94 =990 ##$$a 80.399/pro95 =990 ##$$a 111.777/pro97 =990 ##$$a 111.776/pro-97 =990 ##$$a 69.258/Pro-94 =990 ##$$a 80.399/pro95 =990 ##$$a 111.777/pro97 =990 ##$$a 111.777/pro97 =990 ##$$a 69.258/Pro-94 =990 ##$$a 111.776/pro-97 =990 ##$$a 80.399/pro95 =990 ##$$a 80.399/pro95 =990 ##$$a 69.258/Pro-94 =990 ##$$a 111.776/pro-97 =990 ##$$a 111.777/pro97